Pokémon - Les attaques de Félicanis - Statistiques

Statistiques générales
  • Ce quiz a été pris 7 fois
  • Le résultat moyen est 8 sur 12
Statistiques - réponses
Niveaux Types Noms des attaques % Correct
Niveau 32 Combat Contre
100%
Niveau 40 Poison Direct Toxik
100%
Niveau 72 Normal Giga Impact
100%
Départ Combat Gonflette
100%
Niveau 64 Combat Surpuissance
100%
Départ Combat Balayage
75%
Niveau 56 Ténèbres Mâchouille
75%
Départ Ténèbres Morsure
75%
Niveau 24 Combat Forte-Paume
50%
Niveau 16 Poison Crochet Venin
25%
Niveau 48 Ténèbres Centrifugifle
0%
Niveau 8 Normal Grondement
0%
Aucun quiz correspondant
Distribution des résultats
% des personnes avec chaque résultat
Percentile par nombre de réponses
Votre historique - résultats
Vous n’avez pas pris ce quiz